[Event "Pardubice Czech op-A 25th"]
[Site "Pardubice"]
[Date "2014.07.24"]
[Round "7"]
[White "Gordievsky, Dmitry"]
[Black "Muhammad, Luthfi Ali"]
[Result "1/2-1/2"]
[WhiteElo "2439"]
[BlackElo "2336"]
[PlyCount "158"]
[EventDate "2014.07.18"]
[EventType "swiss"]
[EventRounds "9"]
[EventCountry "CZE"]
[SourceTitle "CBM 161 Extra"]
[Source "ChessBase"]
[SourceDate "2014.08.29"]
[SourceVersion "1"]
[SourceVersionDate "2014.08.29"]
[SourceQuality "1"]

1. Nf3 g6 2. c4 Nf6 3. Nc3 Bg7 4. g3 0-0 5. Bg2 c6 6. d4 d5 7. cxd5 cxd5 8. Ne5 e6 9. 0-0 Nfd7 10. Nf3 Nc6 11. Bf4 Nf6 12. Qd3 Qe7 13. Rac1 Bd7 14. a3 Rfd8 15. b4 Be8 16. Nd2 Rac8 17. Nb3 e5 18. dxe5 Nxe5 19. Qe3 Nc6 20. Rfd1 Qxe3 21. Bxe3 Ng4 22. Bg5 f6 23. Bxd5+ Bf7 24. Bf4 g5 25. Bxf7+ Kxf7 26. Rxd8 Rxd8 27. Bd2 Nd4 28. Nxd4 Rxd4 29. Nb1 Ke6 30. f3 Ne5 31. Be3 Rc4 32. Rxc4 Nxc4 33. Bxa7 f5 34. Kf2 Kd5 35. a4 b6 36. e3 Bf8 37. a5 Bxb4 38. Bxb6 Nxa5 39. Bxa5 Bxa5 40. Na3 g4 41. Nb5 Bb6 42. Ke2 gxf3+ 43. Kxf3 Ke5 44. Nd4 Bc5 45. Ne2 Bf8 46. h3 Bd6 47. g4 fxg4+ 48. hxg4 Kf6 49. Nf4 Bb8 50. Nh3 Kg6 51. Ke4 Ba7 52. Kd3 Kf6 53. Ke4 Kg6 54. Kf4 Bb8+ 55. Kf3 Kf6 56. Nf2 Kg5 57. Ne4+ Kg6 58. Ng3 Kg5 59. Nh5 Be5 60. Nf4 Bb8 61. Ne6+ Kf6 62. Nf4 Kg5 63. Nh3+ Kf6 64. Ke4 Ba7 65. Kd3 Kg6 66. e4 Kf6 67. Ke2 Bb8 68. Ke3 Ba7+ 69. Kf3 Bb8 70. Ke3 Ba7+ 71. Ke2 Bb8 72. Kf3 Kg6 73. Ke3 Kf6 74. Kd4 Bg3 75. Kd5 Bh2 76. g5+ Kg6 77. e5 Bxe5 78. Kxe5 h6 79. gxh6 Kxh6 1/2-1/2

[Event "Pardubice Czech op-A 25th"]
[Site "Pardubice"]
[Date "2014.07.22"]
[Round "5"]
[White "Titan, Matej"]
[Black "Muhammad, Luthfi Ali"]
[Result "1/2-1/2"]
[WhiteElo "2202"]
[BlackElo "2336"]
[PlyCount "95"]
[EventDate "2014.07.18"]
[EventType "swiss"]
[EventRounds "9"]
[EventCountry "CZE"]
[SourceTitle "CBM 161 Extra"]
[Source "ChessBase"]
[SourceDate "2014.08.29"]
[SourceVersion "1"]
[SourceVersionDate "2014.08.29"]
[SourceQuality "1"]

1. c4 Nf6 2. g3 g6 3. Bg2 Bg7 4. Nf3 0-0 5. 0-0 d6 6. d4 Nc6 7. Nc3 Bf5 8. d5 Na5 9. Nd4 Bd7 10. b3 c5 11. dxc6 bxc6 12. Bb2 Rb8 13. Rb1 Qc8 14. Qd2 Bh3 15. e4 Rd8 16. Rfd1 Bxg2 17. Kxg2 c5 18. Nde2 Nc6 19. f3 e5 20. Nd5 Nxd5 21. cxd5 Nd4 22. Nxd4 exd4 23. Qd3 Re8 24. Rbc1 Qd7 25. Rc4 f5 26. b4 fxe4 27. fxe4 a5 28. a3 Qa4 29. Ra1 Re7 30. Kg1 Qe8 31. Re1 Reb7 32. Bc1 axb4 33. axb4 Rxb4 34. Rxb4 Rxb4 35. Qa6 Qe7 36. Qc8+ Qf8 37. Qe6+ Kh8 38. Rf1 Qb8 39. Bg5 Rb1 40. Rxb1 Qxb1+ 41. Kg2 Qb2+ 42. Kh3 Qb8 43. e5 Bxe5 44. Bf6+ Bxf6 45. Qxf6+ Kg8 46. Qe6+ Kg7 47. Qe7+ Kg8 48. Qe6+ 1/2-1/2

[Event "Pardubice Czech op-A 25th"]
[Site "Pardubice"]
[Date "2014.07.19"]
[Round "2"]
[White "Muhammad, Luthfi Ali"]
[Black "Yuffa, Daniil"]
[Result "0-1"]
[WhiteElo "2336"]
[BlackElo "2447"]
[PlyCount "72"]
[EventDate "2014.07.18"]
[EventType "swiss"]
[EventRounds "9"]
[EventCountry "CZE"]
[SourceTitle "CBM 161 Extra"]
[Source "ChessBase"]
[SourceDate "2014.08.29"]
[SourceVersion "1"]
[SourceVersionDate "2014.08.29"]
[SourceQuality "1"]

1. e4 c6 2. d4 d5 3. Nd2 dxe4 4. Nxe4 Bf5 5. Ng3 Bg6 6. h4 h6 7. Nf3 Nd7 8. h5 Bh7 9. Bd3 Bxd3 10. Qxd3 e6 11. Bd2 Ngf6 12. 0-0-0 Be7 13. Kb1 0-0 14. Qe2 c5 15. d5 Nxd5 16. Ne4 c4 17. g4 Qb6 18. g5 Ba3 19. b3 cxb3 20. axb3 Rac8 21. Qd3 f5 22. Nc3 Rxc3 23. Bxc3 Nc5 24. Qd4 Nxc3+ 25. Qxc3 Bb4 26. Qd4 Ne4 27. Qxb6 axb6 28. Rd7 Bc3 29. Rhd1 hxg5 30. R1d3 Bf6 31. Rc7 g4 32. Ne1 Nxf2 33. Rdd7 Ne4 34. h6 gxh6 35. Ng2 Be5 36. Rc4 b5 0-1

[Event "Pardubice op rap 25th"]
[Site "Pardubice"]
[Date "2014.07.17"]
[Round "5"]
[White "Muhammad, Luthfi Ali"]
[Black "Cvek, Robert"]
[Result "1-0"]
[WhiteElo "2336"]
[BlackElo "2516"]
[PlyCount "83"]
[EventDate "2014.07.16"]
[EventType "swiss (rapid)"]
[EventRounds "9"]
[EventCountry "CZE"]
[SourceTitle "EXT 2015"]
[Source "ChessBase"]
[SourceDate "2014.11.20"]
[SourceVersion "1"]
[SourceVersionDate "2014.11.20"]
[SourceQuality "1"]

1. e4 c5 2. Nf3 e6 3. d4 cxd4 4. Nxd4 Nc6 5. Nc3 Qc7 6. Be3 Nf6 7. f4 Bb4 8. Ndb5 Qa5 9. e5 Nd5 10. Bd2 Nxc3 11. Bxc3 Bxc3+ 12. Nxc3 Qb6 13. Qd2 Qxb2 14. Rb1 Qa3 15. Bd3 0-0 16. 0-0 b6 17. Ne4 Bb7 18. Qf2 Ne7 19. Rb3 Qa5 20. Nd6 Qd5 21. Nxb7 Qxb7 22. Bxh7+ Kxh7 23. Qh4+ Kg8 24. Rh3 f6 25. Qh7+ Kf7 26. exf6 Kxf6 27. Rg3 Nf5 28. Rg6+ Ke7 29. g4 Rh8 30. Rxg7+ Nxg7 31. Qxg7+ Kd8 32. Qxh8+ Kc7 33. Qe5+ Kc6 34. Rf3 Qb8 35. Rc3+ Kb7 36. Qe4+ d5 37. Qxe6 a5 38. Qxd5+ Ka7 39. Qd7+ Ka6 40. Qd3+ Ka7 41. Qd7+ Ka6 42. Rc7 1-0

[Event "Pardubice op rap 25th"]
[Site "Pardubice"]
[Date "2014.07.17"]
[Round "8"]
[White "Navara, David"]
[Black "Muhammad, Luthfi Ali"]
[Result "1-0"]
[WhiteElo "2716"]
[BlackElo "2336"]
[PlyCount "43"]
[EventDate "2014.07.16"]
[EventType "swiss (rapid)"]
[EventRounds "9"]
[EventCountry "CZE"]
[SourceTitle "EXT 2015"]
[Source "ChessBase"]
[SourceDate "2014.11.20"]
[SourceVersion "1"]
[SourceVersionDate "2014.11.20"]
[SourceQuality "1"]

1. d4 Nf6 2. c4 g6 3. Nc3 Bg7 4. e4 d6 5. Nf3 0-0 6. h3 e5 7. d5 Na6 8. Bg5 Qe8 9. g4 Nd7 10. Rg1 Kh8 11. Be2 Ndc5 12. a3 f5 13. gxf5 gxf5 14. Nh4 Nxe4 15. Nxe4 fxe4 16. Bh5 Qd7 17. Bg6 Nc5 18. Qh5 Nd3+ 19. Kd2 Rxf2+ 20. Kc3 Bf8 21. Be7 Qxe7 22. Bxh7 1-0

[Event "Pardubice op rap 25th"]
[Site "Pardubice"]
[Date "2014.07.17"]
[Round "4"]
[White "Yuffa, Daniil"]
[Black "Muhammad, Luthfi Ali"]
[Result "0-1"]
[WhiteElo "2447"]
[BlackElo "2336"]
[PlyCount "72"]
[EventDate "2014.07.16"]
[EventType "swiss (rapid)"]
[EventRounds "9"]
[EventCountry "CZE"]
[SourceTitle "EXT 2015"]
[Source "ChessBase"]
[SourceDate "2014.11.20"]
[SourceVersion "1"]
[SourceVersionDate "2014.11.20"]
[SourceQuality "1"]

1. d4 Nf6 2. c4 g6 3. g3 Bg7 4. Bg2 0-0 5. Nc3 d6 6. Nf3 Nc6 7. 0-0 Bf5 8. d5 Na5 9. Nd2 c5 10. e4 Bd7 11. Qc2 a6 12. b3 Rb8 13. Bb2 b5 14. Rab1 e5 15. Ne2 Nh5 16. b4 Nb7 17. bxc5 Nxc5 18. Ba3 Rc8 19. Nc3 Qa5 20. Bb4 Qc7 21. cxb5 axb5 22. Rfc1 Bh6 23. Bf1 Qb7 24. Qb2 f5 25. Rc2 Qa7 26. Bxb5 f4 27. Bxc5 Rxc5 28. Bxd7 Qxd7 29. Nd1 fxg3 30. hxg3 Nxg3 31. fxg3 Qh3 32. Rc3 Bxd2 33. Nf2 Rxf2 34. Kxf2 Bxc3 35. Qb8+ Rc8 36. Qxd6 Bd4+ 0-1

[Event "Golden Sands Europe op 3rd"]
[Site "Golden Sands"]
[Date "2014.06.14"]
[Round "5"]
[White "Muhammad, Luthfi Ali"]
[Black "Barbosa, Evandro Amorim"]
[Result "0-1"]
[WhiteElo "2342"]
[BlackElo "2471"]
[PlyCount "56"]
[EventDate "2014.06.10"]
[EventType "swiss"]
[EventRounds "9"]
[EventCountry "BUL"]
[SourceTitle "CBM 160 Extra"]
[Source "ChessBase"]
[SourceDate "2014.07.01"]
[SourceVersion "1"]
[SourceVersionDate "2014.07.01"]
[SourceQuality "1"]

1. e4 e6 2. d4 d5 3. Nc3 Bb4 4. e5 c5 5. a3 Bxc3+ 6. bxc3 Ne7 7. Qg4 cxd4 8. Qxg7 Rg8 9. Qxh7 Qc7 10. Ne2 Nbc6 11. f4 dxc3 12. h4 d4 13. h5 Bd7 14. Qd3 0-0-0 15. h6 Kb8 16. Rb1 Bc8 17. h7 Rh8 18. Kf2 b6 19. a4 Bb7 20. Ba3 Nf5 21. Ng3 Ne3 22. Ne4 Nxe5 23. fxe5 Qxe5 24. Rh4 Rxh7 25. Rb5 Qh8 26. Rxh7 Qxh7 27. Ng5 Qh4+ 28. Kg1 Rg8 0-1

[Event "Golden Sands Europe op 3rd"]
[Site "Golden Sands"]
[Date "2014.06.13"]
[Round "4"]
[White "Grandelius, Nils"]
[Black "Muhammad, Luthfi Ali"]
[Result "1-0"]
[WhiteElo "2587"]
[BlackElo "2342"]
[PlyCount "101"]
[EventDate "2014.06.10"]
[EventType "swiss"]
[EventRounds "9"]
[EventCountry "BUL"]
[SourceTitle "CBM 160 Extra"]
[Source "ChessBase"]
[SourceDate "2014.07.01"]
[SourceVersion "1"]
[SourceVersionDate "2014.07.01"]
[SourceQuality "1"]

1. c4 Nf6 2. g3 g6 3. Bg2 Bg7 4. Nc3 0-0 5. d4 d6 6. Nf3 Nc6 7. 0-0 Bf5 8. d5 Na5 9. Nd4 Bd7 10. b3 c5 11. dxc6 Nxc6 12. Nc2 Qa5 13. Bd2 Qh5 14. e4 Qxd1 15. Raxd1 Rfc8 16. Rfe1 Kf8 17. h3 Rab8 18. f4 Ne8 19. Kh2 Nc7 20. Rc1 Ne6 21. Nd5 Nc5 22. Red1 Nd3 23. Rb1 Nb2 24. Rf1 Nd3 25. Rfd1 Nb2 26. Rf1 Nd3 27. a4 Nd4 28. Nxd4 Bxd4 29. Rfd1 Nb2 30. Rf1 Nd3 31. f5 Be5 32. Bh6+ Ke8 33. f6 e6 34. Ne3 Bc6 35. Ng4 Nc5 36. Nxe5 dxe5 37. Rfe1 Rd8 38. a5 Rbc8 39. Re2 Rd3 40. b4 Nb3 41. Re3 Rxe3 42. Bxe3 Nd4 43. b5 Bd7 44. Bf1 Rd8 45. Kg1 b6 46. Kf2 Nc2 47. axb6 Nxe3 48. bxa7 Nc2 49. b6 Bc6 50. b7 Rd2+ 51. Kg1 1-0

[Event "Jakarta Japfa"]
[Site "Jakarta"]
[Date "2014.04.22"]
[Round "5"]
[White "Nguyen, Huynh Minh Huy"]
[Black "Muhammad, Luthfi Ali"]
[Result "1-0"]
[WhiteElo "2474"]
[BlackElo "2336"]
[PlyCount "61"]
[EventDate "2014.04.20"]
[EventType "tourn"]
[EventRounds "9"]
[EventCountry "INA"]
[EventCategory "8"]
[SourceTitle "EXT 2015"]
[Source "ChessBase"]
[SourceDate "2014.11.20"]
[SourceVersion "1"]
[SourceVersionDate "2014.11.20"]
[SourceQuality "1"]

1. d4 Nf6 2. c4 g6 3. Nc3 d5 4. cxd5 Nxd5 5. e4 Nxc3 6. bxc3 Bg7 7. Qa4+ Qd7 8. Qb3 0-0 9. Nf3 b6 10. Be3 Bb7 11. Bd3 c5 12. 0-0 Nc6 13. Rad1 Na5 14. Qb1 Rfc8 15. dxc5 bxc5 16. Bb5 Qc7 17. Rd7 Qb6 18. Rxe7 Bf6 19. Rd7 Bxe4 20. Qxe4 Qxb5 21. Rfd1 Qc4 22. Nd2 Qxa2 23. Qf3 Bxc3 24. Bh6 Bg7 25. Bxg7 Kxg7 26. Qc3+ Kg8 27. Ne4 Rf8 28. Nf6+ Kh8 29. Ng4+ f6 30. Nxf6 Rf7 31. Ng4+ 1-0

[Event "Jakarta Japfa"]
[Site "Jakarta"]
[Date "2014.04.20"]
[Round "1"]
[White "Tiviakov, Sergei"]
[Black "Muhammad, Luthfi Ali"]
[Result "1/2-1/2"]
[WhiteElo "2651"]
[BlackElo "2336"]
[PlyCount "72"]
[EventDate "2014.04.20"]
[EventType "tourn"]
[EventRounds "9"]
[EventCountry "INA"]
[EventCategory "8"]
[SourceTitle "EXT 2015"]
[Source "ChessBase"]
[SourceDate "2014.11.20"]
[SourceVersion "1"]
[SourceVersionDate "2014.11.20"]
[SourceQuality "1"]

1. e4 c5 2. c3 d5 3. exd5 Qxd5 4. d4 g6 5. Nf3 Bg7 6. Na3 cxd4 7. Bc4 Qe4+ 8. Be3 Nh6 9. cxd4 0-0 10. 0-0 Bg4 11. Ng5 Bxd1 12. Nxe4 Bg4 13. Rfe1 Nc6 14. Bg5 Nxd4 15. Bxe7 Rfc8 16. Nf6+ Kh8 17. Bd5 Nc6 18. Nxg4 Nxg4 19. Nc4 Nxe7 20. Rxe7 Rc5 21. Bxf7 b5 22. Ne3 Nxe3 23. fxe3 Rd8 24. Rf1 Re5 25. Rb7 Rxe3 26. Rxb5 Re2 27. b4 Bd4+ 28. Kh1 Rf8 29. Rb7 Rxa2 30. Rd1 Rf2 31. Bc4 Rc2 32. Bd3 Rcf2 33. h3 Bb6 34. Bc4 Rc2 35. Bd3 Rc7 36. Rxc7 Bxc7 1/2-1/2

[Event "Jakarta Indonesia op 3rd"]
[Site "Jakarta"]
[Date "2013.10.17"]
[Round "11"]
[White "Bitoon, Richard"]
[Black "Muhammad, Luthfi Ali"]
[Result "1-0"]
[WhiteElo "2407"]
[BlackElo "2338"]
[PlyCount "103"]
[EventDate "2013.10.10"]
[EventType "swiss"]
[EventRounds "11"]
[EventCountry "INA"]
[SourceTitle "EXT 2014"]
[Source "ChessBase"]
[SourceDate "2013.11.20"]
[SourceVersion "1"]
[SourceVersionDate "2013.11.20"]
[SourceQuality "1"]

1. e4 c5 2. Nf3 g6 3. Bc4 Bg7 4. 0-0 d6 5. c3 Nf6 6. e5 dxe5 7. Nxe5 0-0 8. Qb3 e6 9. a4 Qd6 10. Re1 Nc6 11. Nxc6 Ng4 12. h3 Qh2+ 13. Kf1 bxc6 14. hxg4 Qh1+ 15. Ke2 Qxg2 16. Kd1 e5 17. Be2 Bxg4 18. c4 Rfd8 19. f3 Be6 20. Qe3 Rd4 21. b3 e4 22. Ra2 Qh3 23. Qf2 Bh6 24. Qf1 Qg3 25. Nc3 Qb8 26. Kc2 exf3 27. Qxf3 Qe5 28. d3 Bxc1 29. Rxc1 Rad8 30. Kb1 Bf5 31. Qxc6 Rb8 32. Rb2 Bxd3+ 33. Bxd3 Rxd3 34. Nb5 h5 35. Ka2 Qe3 36. Rcb1 Qe7 37. Rg1 Kg7 38. Rbg2 Qf6 39. Qc7 Rb6 40. Rxg6+ Qxg6 41. Rxg6+ Rxg6 42. Qe5+ Kh6 43. Qf4+ Kg7 44. Qe5+ Kh6 45. Qxc5 h4 46. Nd4 Rg2+ 47. Ka3 h3 48. Qd6+ Kh7 49. Qd5 Rg7 50. Qe4+ Rg6 51. Qxd3 h2 52. Qf3 1-0

[Event "Jakarta Indonesia op 3rd"]
[Site "Jakarta"]
[Date "2013.10.16"]
[Round "9"]
[White "Cherniaev, Alexander"]
[Black "Muhammad, Luthfi Ali"]
[Result "1/2-1/2"]
[WhiteElo "2415"]
[BlackElo "2338"]
[PlyCount "140"]
[EventDate "2013.10.10"]
[EventType "swiss"]
[EventRounds "11"]
[EventCountry "INA"]
[SourceTitle "CBM 156 Extra"]
[Source "ChessBase"]
[SourceDate "2013.10.22"]
[SourceVersion "1"]
[SourceVersionDate "2013.10.22"]
[SourceQuality "1"]

1. Nf3 g6 2. d4 Nf6 3. c4 Bg7 4. g3 0-0 5. Bg2 c6 6. Nbd2 d5 7. b3 c5 8. Bb2 cxd4 9. Nxd4 Re8 10. 0-0 e5 11. Nc2 Nc6 12. cxd5 Nxd5 13. Ne4 f5 14. Nc5 e4 15. Bxg7 Kxg7 16. Qd2 Ndb4 17. Qc1 Nxc2 18. Qxc2 Nd4 19. Qc4 b5 20. Qc3 Qf6 21. Kh1 Nxe2 22. Qe3 Qd4 23. Qxe2 Qxc5 24. Rac1 Qb6 25. Rfd1 Re7 26. Rd5 a6 27. Qd2 Be6 28. Rd6 Qb7 29. Rcc6 Bf7 30. h4 Rae8 31. h5 gxh5 32. Qg5+ Bg6 33. Kg1 Kh8 34. Qh6 Kg8 35. Rxa6 Rg7 36. Qf4 Qc7 37. Rac6 Qe7 38. Bf1 h4 39. Re6 Qd7 40. Red6 Qe7 41. Re6 Qd7 42. Rcd6 Qc7 43. Qxh4 Rxe6 44. Rxe6 f4 45. Bxb5 fxg3 46. Bc4 gxf2+ 47. Kf1 Kf8 48. Rf6+ Bf7 49. Rxf2 Qe7 50. Qh6 Kg8 51. Qc6 h5 52. Ke2 Bxc4+ 53. Qxc4+ Kh7 54. Qd5 Kh6 55. Qa8 Kh7 56. Qd5 Kh6 57. Qf5 Rg6 58. Qc8 Kg7 59. Qc3+ Kh7 60. Qa5 Kh6 61. Qa8 Kg7 62. Qd5 h4 63. Qd4+ Kh7 64. Rf4 Rg2+ 65. Kf1 Rxa2 66. Rxe4 Qf7+ 67. Rf4 Ra1+ 68. Kf2 Ra2+ 69. Kf1 Ra1+ 70. Kf2 Ra2+ 1/2-1/2

[Event "Jakarta Indonesia op 3rd"]
[Site "Jakarta"]
[Date "2013.10.13"]
[Round "5"]
[White "Setyaki, Azarya Jodi"]
[Black "Muhammad, Luthfi Ali"]
[Result "0-1"]
[WhiteElo "2126"]
[BlackElo "2338"]
[PlyCount "50"]
[EventDate "2013.10.10"]
[EventType "swiss"]
[EventRounds "11"]
[EventCountry "INA"]
[SourceTitle "CBM 156 Extra"]
[Source "ChessBase"]
[SourceDate "2013.10.22"]
[SourceVersion "1"]
[SourceVersionDate "2013.10.22"]
[SourceQuality "1"]

1. e4 c5 2. Nf3 g6 3. d4 cxd4 4. Nxd4 Nc6 5. Nc3 Bg7 6. Be3 Nf6 7. Bc4 0-0 8. Bb3 d6 9. f3 Bd7 10. Qd2 Na5 11. 0-0-0 Nxb3+ 12. cxb3 Qa5 13. Kb1 Rfc8 14. g4 b5 15. Bh6 Bxh6 16. Qxh6 b4 17. Nce2 Qe5 18. h4 Bxg4 19. fxg4 Qxe4+ 20. Ka1 Nxg4 21. Qd2 e5 22. Nb5 Rc2 23. Ng3 Qxh1 24. Qxc2 Qxh4 25. Qe4 Rb8 0-1

[Event "Jakarta Indonesia op 2nd"]
[Site "Jakarta"]
[Date "2012.10.15"]
[Round "7"]
[White "Muhammad, Luthfi Ali"]
[Black "Bitoon, Richard"]
[Result "0-1"]
[WhiteElo "2218"]
[BlackElo "2430"]
[PlyCount "92"]
[EventDate "2012.10.11"]
[EventType "swiss"]
[EventRounds "9"]
[EventCountry "INA"]
[SourceTitle "EXT 2013"]
[Source "ChessBase"]
[SourceDate "2012.11.22"]
[SourceVersion "1"]
[SourceVersionDate "2012.11.22"]
[SourceQuality "1"]

1. e4 c5 2. Nf3 e6 3. d4 cxd4 4. Nxd4 a6 5. Bd3 Bc5 6. Nb3 Be7 7. 0-0 Nc6 8. f4 d6 9. Nc3 Nf6 10. Qf3 Qc7 11. Bd2 0-0 12. Kh1 b5 13. Rae1 Bb7 14. Qh3 g6 15. f5 b4 16. fxg6 hxg6 17. Ne2 Ne5 18. Ng3 a5 19. Nd4 Nh7 20. Qh6 Qd8 21. Nf3 Bf6 22. Nxe5 Bxe5 23. b3 Rc8 24. Bc4 Rc5 25. Qe3 Qh4 26. Re2 Nf6 27. Qg5 Bxg3 28. Qxg3 Qxg3 29. hxg3 Nxe4 30. Be1 Kg7 31. Kg1 Rfc8 32. Re3 d5 33. Bd3 Rxc2 34. Bxc2 Rxc2 35. Rxe4 dxe4 36. Rf2 Rc1 37. Re2 f5 38. Kh2 Ba6 39. Bd2 Rf1 40. Re1 Rxe1 41. Bxe1 e3 42. g4 g5 43. gxf5 exf5 44. Kg3 f4+ 45. Kf3 Bb7+ 46. Kg4 Bxg2 0-1

[Event "Jakarta Indonesia op 2nd"]
[Site "Jakarta"]
[Date "2012.10.11"]
[Round "1"]
[White "Muhammad, Luthfi Ali"]
[Black "Wan, Yunguo"]
[Result "0-1"]
[WhiteElo "2218"]
[BlackElo "2477"]
[PlyCount "58"]
[EventDate "2012.10.11"]
[EventType "swiss"]
[EventRounds "9"]
[EventCountry "INA"]
[SourceTitle "EXT 2013"]
[Source "ChessBase"]
[SourceDate "2012.11.22"]
[SourceVersion "1"]
[SourceVersionDate "2012.11.22"]
[SourceQuality "1"]

1. e4 e6 2. d4 d5 3. Nc3 Bb4 4. e5 c5 5. a3 Bxc3+ 6. bxc3 Qa5 7. Bd2 Qa4 8. Qb1 c4 9. h4 Nc6 10. h5 h6 11. Nf3 Bd7 12. Nh4 0-0-0 13. g3 Nge7 14. Qc1 Rdf8 15. Bh3 f6 16. exf6 Rxf6 17. 0-0 g5 18. hxg6 Nxg6 19. Nxg6 Rxg6 20. Kh2 Qa5 21. Qd1 h5 22. Qe2 Qd8 23. Bf4 Qf8 24. Be5 Rhg8 25. Qe3 Nxe5 26. dxe5 Kb8 27. a4 Bc6 28. Qd4 Qf3 29. Rae1 Rxg3 0-1

[Event "Olympiad-40"]
[Site "Istanbul"]
[Date "2012.09.07"]
[Round "10.4"]
[White "Ebeling, Daniel"]
[Black "Muhammad, Luthfi Ali"]
[Result "0-1"]
[WhiteElo "2350"]
[BlackElo "2151"]
[PlyCount "132"]
[EventDate "2012.08.28"]
[EventType "team-swiss"]
[EventRounds "11"]
[EventCountry "TUR"]
[SourceTitle "CBM 151"]
[Source "ChessBase"]
[SourceDate "2012.11.13"]
[SourceVersion "1"]
[SourceVersionDate "2012.11.13"]
[SourceQuality "1"]
[WhiteTeam "Finland"]
[BlackTeam "Indonesia"]
[WhiteTeamCountry "FIN"]
[BlackTeamCountry "INA"]

1. e4 c5 2. Nf3 Nc6 3. d4 cxd4 4. Nxd4 g6 5. c4 Bg7 6. Be3 Nf6 7. Nc3 0-0 8. Be2 d6 9. 0-0 Bd7 10. h3 Nxd4 11. Bxd4 Bc6 12. Qd3 a5 13. Rad1 Nd7 14. Bxg7 Kxg7 15. Qd4+ Kg8 16. Bg4 Ne5 17. f4 Nxg4 18. hxg4 e5 19. Qxd6 Qb6+ 20. c5 Qxb2 21. Qxe5 Rfe8 22. Qd4 Qb4 23. Nd5 Bxd5 24. exd5 Rec8 25. Qf6 Qxc5+ 26. Kh1 Qc3 27. Qh4 Rd8 28. f5 Rd6 29. f6 Rad8 30. Qg5 h6 31. Qf4 g5 32. Qf5 Qc4 33. Rfe1 Qf4 34. Rf1 Qxf5 35. Rxf5 Kh7 36. Rb1 R8d7 37. Rb5 b6 38. Kh2 Kg6 39. Kg3 h5 40. Rf2 h4+ 41. Kh2 Rc7 42. Rfb2 Rc4 43. Kh3 Rc3+ 44. Kh2 Rg3 45. Rxb6 Rxd5 46. Rf2 Rxg4 47. Rb8 Rf5 48. Rxf5 Kxf5 49. Rb5+ Kxf6 50. Rxa5 Rg3 51. a4 Ra3 52. Kg1 Ra2 53. Kf1 Kg6 54. Ra8 Kf5 55. a5 Kf4 56. a6 f5 57. a7 g4 58. Rh8 Rxa7 59. Rxh4 Kg3 60. Rh5 f4 61. Rg5 Ra1+ 62. Ke2 Ra2+ 63. Kf1 Rf2+ 64. Kg1 Rxg2+ 65. Kf1 Ra2 66. Rf5 f3 0-1

[Event "Olympiad-40"]
[Site "Istanbul"]
[Date "2012.09.04"]
[Round "7.4"]
[White "Muhammad, Luthfi Ali"]
[Black "Jurcik, Marian"]
[Result "0-1"]
[WhiteElo "2151"]
[BlackElo "2486"]
[PlyCount "75"]
[EventDate "2012.08.28"]
[EventType "team-swiss"]
[EventRounds "11"]
[EventCountry "TUR"]
[SourceTitle "CBM 151"]
[Source "ChessBase"]
[SourceDate "2012.11.13"]
[SourceVersion "1"]
[SourceVersionDate "2012.11.13"]
[SourceQuality "1"]
[WhiteTeam "Indonesia"]
[BlackTeam "Slovakia"]
[WhiteTeamCountry "INA"]
[BlackTeamCountry "SVK"]

1. e4 c5 2. Nf3 e6 3. d4 cxd4 4. Nxd4 Nf6 5. Nc3 d6 6. Bc4 Be7 7. Bb3 Na6 8. f4 0-0 9. f5 Nc5 10. fxe6 fxe6 11. 0-0 Kh8 12. Qe2 a6 13. Bg5 Qb6 14. Be3 Qc7 15. Kh1 Bd7 16. Bg1 Rae8 17. Rae1 b5 18. a3 Nxb3 19. Nxb3 e5 20. Qd2 Be6 21. Rf3 Rc8 22. Be3 Bc4 23. Bg5 a5 24. Bxf6 Rxf6 25. Rxf6 Bxf6 26. Nd5 Bxd5 27. Qxd5 a4 28. Na1 Qc5 29. Rd1 h6 30. Qxd6 Qxd6 31. Rxd6 Rc4 32. Kg1 Bh4 33. g3 Bg5 34. Rd5 Rxe4 35. Kf2 b4 36. axb4 Rxb4 37. b3 e4 38. bxa4 0-1

[Event "Olympiad-40"]
[Site "Istanbul"]
[Date "2012.09.03"]
[Round "6.4"]
[White "Muhammad, Luthfi Ali"]
[Black "Kayonde, Andrew"]
[Result "1-0"]
[WhiteElo "2151"]
[BlackElo "2180"]
[PlyCount "91"]
[EventDate "2012.08.28"]
[EventType "team-swiss"]
[EventRounds "11"]
[EventCountry "TUR"]
[SourceTitle "CBM 151"]
[Source "ChessBase"]
[SourceDate "2012.11.13"]
[SourceVersion "1"]
[SourceVersionDate "2012.11.13"]
[SourceQuality "1"]
[WhiteTeam "Indonesia"]
[BlackTeam "Zambia"]
[WhiteTeamCountry "INA"]
[BlackTeamCountry "ZAM"]

1. e4 c6 2. d4 d5 3. Nc3 dxe4 4. Nxe4 Nd7 5. Ng5 Ngf6 6. Bd3 e6 7. N1f3 Bd6 8. Qe2 h6 9. Ne4 Nxe4 10. Qxe4 Qc7 11. Bd2 b6 12. 0-0-0 Bb7 13. Rhe1 0-0-0 14. Kb1 c5 15. Qe2 Nf6 16. c4 Bxf3 17. Qxf3 cxd4 18. c5 bxc5 19. Bc4 Kd7 20. h4 Rb8 21. Qa3 Ke7 22. f3 Bg3 23. Re2 Rhe8 24. f4 Bxf4 25. Bxf4 Qxf4 26. Qxc5+ Qd6 27. Qxa7+ Kf8 28. Qxd4 Qxd4 29. Rxd4 Red8 30. Rxd8+ Rxd8 31. Kc2 Rd4 32. b3 Ke7 33. Rd2 Rxh4 34. a4 Ne4 35. Rd4 Rg4 36. Bf1 Rf4 37. Be2 e5 38. Rc4 g5 39. a5 Nd6 40. Rc5 Re4 41. Bf3 Re1 42. a6 Ra1 43. Bb7 e4 44. Kb2 Rg1 45. a7 Nxb7 46. Rc2 1-0

[Event "Olympiad-40"]
[Site "Istanbul"]
[Date "2012.09.01"]
[Round "5.4"]
[White "Kovalev, Vladislav"]
[Black "Muhammad, Luthfi Ali"]
[Result "1/2-1/2"]
[WhiteElo "2485"]
[BlackElo "2151"]
[PlyCount "112"]
[EventDate "2012.08.28"]
[EventType "team-swiss"]
[EventRounds "11"]
[EventCountry "TUR"]
[SourceTitle "CBM 151"]
[Source "ChessBase"]
[SourceDate "2012.11.13"]
[SourceVersion "1"]
[SourceVersionDate "2012.11.13"]
[SourceQuality "1"]
[WhiteTeam "Belarus"]
[BlackTeam "Indonesia"]
[WhiteTeamCountry "BLR"]
[BlackTeamCountry "INA"]

1. e4 c5 2. Nf3 Nc6 3. d4 cxd4 4. Nxd4 g6 5. c4 Bg7 6. Be3 Nf6 7. Nc3 0-0 8. Be2 d6 9. 0-0 Bd7 10. h3 Nxd4 11. Bxd4 Bc6 12. Qd3 Nd7 13. b4 b6 14. Bxg7 Kxg7 15. a3 Kg8 16. Nd5 Re8 17. f4 Nf6 18. Qd4 Rc8 19. Rac1 Nxe4 20. Qxe4 e6 21. Qd4 exd5 22. cxd5 Bd7 23. Bf3 Qh4 24. Kh2 h6 25. Rc6 Bxc6 26. dxc6 Qe7 27. Bd5 Rc7 28. Rf3 Kh7 29. a4 f5 30. Rd3 Qg7 31. Qc4 Re1 32. Rc3 Qe7 33. Bf3 Qf6 34. b5 g5 35. Rc1 Rxc1 36. Qxc1 gxf4 37. Qxf4 Qe5 38. g3 Qxf4 39. gxf4 Kg6 40. Kg3 Kf6 41. Bd5 Rg7+ 42. Kh4 Ke7 43. Kh5 Rg3 44. Kxh6 Rxh3+ 45. Kg5 Rd3 46. Bc4 Ra3 47. Kxf5 Rxa4 48. Be6 Rxf4+ 49. Kxf4 Kxe6 50. Ke4 d5+ 51. Kd3 Ke7 52. Kc3 Kd6 53. Kd4 a5 54. Kc3 Ke7 55. Kb3 Ke6 56. Kc3 Ke5 1/2-1/2